Normal view
MARC view
- Babarro González, Xoán,
Entry Nombre Personal
001 - NUMERO DE CONTROL
- campo de control: 35497
003 - IDENTIFICADOR DE NUMERO DE CONTROL
- campo de control: UPN
005 - FECHA Y HORA DE LA ÜLTIMA TRANSACCIÓN
- campo de control: 20210219194504.0
008 - DATOS DE LONGITUD FIJA
- campo de control de longitud fija: nabaccnnaabn|||||||||| b |nc|||||d
035 ## - NUMERO DE CONTROL
- Número de control: UPN11000007604
040 ## - FUENTE DE CATALOGACIÓN
- Lenguaje de catalogación: SPA
- Agencia de transcripción: UPN
100 1# - ENCABEZAMIENTO - NOMBRE PERSONAL
- Nombre personal: Babarro González, Xoán,
- Fechas asociadas con el nombre: 1947-
400 1# - VEÁSE - NOMBRE DE PERSONA
- Personal name: Babarro, Xoán,
- Dates associated with a name: 1947-
670 ## - FUENTE EN LA QUE SE LOCALIZARON DATOS
- Cita de la fuente: T
- Información localizada: Wikipedia
680 ## - NOTA PUBLICA DE ACCESO PÚBLICO
- Frase explicativa de la referencia: Profesor y escritor español
902 ## - CATALOGADOR
- Catalogador: CAA/280714
